00601nam a2200181Ia 4500952013300000999001700133003000400150005001700154008004100171040000900212082001900221100002700240245005200267260003500319300000900354650001200363942004400375 00102ddc40708HISTORYaMESbMEScHISd2019-02-20g40.00l0o954.025 SAR/Sp17148r2019-02-20 00:00:00w2019-02-20yBKzGL36R3 c19939d19939OSt20200622120044.0190216s9999||||xx |||||||||||||| ||und|| coclc a954.025bSAR/S aSarkar, Jadunath93091 0aA Short History Of Aurangzib /cJadunath Sarkar bOrient Longman,aDelhi:c1979. a426p aHistory cBK2ddch954.025iSAR/Sk954.025mSAR/S